000 01043nas a2200349 4500
001 BR2011000282
003 BR-BrBNA
005 20231205114410.0
007 ta
008 230509b bl.|||p| |||| 00| 00por d
040 _aBR-BrBNA
_bpor
_cBiblioteca Nacional de Agricultura
041 _a(Pt)
072 _aF02
100 1 _aLemos, E.E.P. de
100 1 _aSalvador, T. de L.
100 1 _aSantos, M.Q.C. dos
100 1 _aRezende, L. de P.
100 1 _aSalvador, T. de L.
100 1 _aLima, H.M.A.
245 1 _aProdução de porta-enxertos em tubetes e enxertia precoce da pinheira (Annona squamosa L.)
650 _aFRUTA DE CONDE
650 _aANNONA SQUAMOSA
650 _aENXERTO
650 _aPORTA ENXERTO
650 _aTUBETE
650 _aGARFAGEM
650 _aMÉTODO ESTATÍSTICO
650 _aGERMINAÇÃO
773 0 _tRevista Brasileira de Fruticultura (Brazil)
_xISSN 0100-2945
_g(Sep 2010), v. 32(3) p. 865-873
_wBR2011000282
909 _a202311
_bLúcia
_c55
_dLúcia Elande
942 _2AGRIS
_n0
_cANA
999 _c208584
_d208584